000 00715nam a22002177a 4500
999 _c17119
_d17119
003 AR-CdUCM
008 190507b ||||| |||| 00| 0 spa d
040 _aMUNICIPALIDAD PROVINCIAL DEL CUSCO
_cBIBLIOTECA MUNICIPAL DEL CUSCO
082 _a869.508 /
_bR81
100 _aRomero, Fernando
_94725
245 _aDoce relatos de selva /
260 _aLima :
_bJuan Mejía Baca,
_c1958.
300 _a104 páginas ;
_c18 cm.
505 _aContenido: Yaimanco -- El abrazo -- El ponguete -- El silio -- La creciente -- Leproso...
650 _aCuentos peruanos
_97
650 _aCuentos de costumbres
_934
650 _aAmazonía
_93433
650 _aSiglo XX.
_98
942 _2ddc
_cLIBROS
945 _aacv
_d2019-05-07